|
|
|
|
| LEADER |
01023nam a2200313 4500 |
| 001 |
DLU200195413 |
| 005 |
##20201221 |
| 040 |
# |
# |
|a DLU
|b vie
|
| 041 |
# |
# |
|a vie
|
| 044 |
# |
# |
|a vn
|
| 100 |
# |
# |
|a Nguyễn Thị Ngọc Hương.
|
| 245 |
# |
# |
|a Biến đổi hình thái trong phát sinh phôi soma thông qua nuôi cấy mô sẹo Tam thất hoang (Panax Stipuleanatus H.T. Tsai ET K.M.Feng) /
|c Nguyễn Thị Ngọc Hương, Trần Hùng, Trương Thị Đẹp.
|
| 653 |
# |
# |
|a Mô sẹo
|
| 653 |
# |
# |
|a Panax
|
| 653 |
# |
# |
|a Phôi soma
|
| 653 |
# |
# |
|a Tam thất hoang
|
| 653 |
# |
# |
|a Thân rễ
|
| 700 |
# |
# |
|a Trần Hùng.
|
| 700 |
# |
# |
|a Trương Thị Đẹp.
|
| 773 |
# |
# |
|t Tạp chí Công nghệ Sinh học
|g Số 16(2), 2018, tr. 279-284
|
| 920 |
# |
# |
|a Phòng Tạp chí -- Trung tâm Thông tin - Thư viện Trường Đại học Đà Lạt
|
| 994 |
# |
# |
|a DLU
|
| 900 |
# |
# |
|a True
|
| 911 |
# |
# |
|a Hoàng Thị Huyền
|
| 925 |
# |
# |
|a G
|
| 926 |
# |
# |
|a A
|
| 927 |
# |
# |
|a BB
|
| 980 |
# |
# |
|a Thư viện Trường Đại học Đà Lạt
|